| 000 | 00419nam a22001457a 4500 | ||
|---|---|---|---|
| 022 | _a03090305905 | ||
| 082 |
_a624.162 _bNAT _cD |
||
| 110 |
_aNational Research Council _937043 |
||
| 245 | _aEmbankment stabilization and soil mechanics / | ||
| 260 |
_aWashington : _bNational Research Council, _c1980. |
||
| 300 | _aiv, 74 p. : | ||
| 526 |
_a0 _b0 _c0 _d624_162000000000000_NAT |
||
| 650 |
_aMCE _9379 |
||
| 942 |
_2ddc _cBK |
||
| 999 |
_c546571 _d546571 |
||